<?xml version="1.0" encoding="UTF-8"?>
<record
    xmlns:xsi="http://www.w3.org/2001/XMLSchema-instance"
    xsi:schemaLocation="http://www.loc.gov/MARC21/slim http://www.loc.gov/standards/marcxml/schema/MARC21slim.xsd"
    xmlns="http://www.loc.gov/MARC21/slim">

  <leader>01193nas a2200241 454500</leader>
  <controlfield tag="001">15874</controlfield>
  <controlfield tag="005">20260407193505.0</controlfield>
  <controlfield tag="008">260407s1985####ag###########|||spa#d</controlfield>
  <controlfield tag="003">AR-UNSa-BCEJYS</controlfield>
  <datafield tag="040" ind1=" " ind2=" ">
    <subfield code="a">AR-UNSa-BCEJYS</subfield>
    <subfield code="b">spa</subfield>
    <subfield code="c">AR-UNSa-BCEJYS</subfield>
  </datafield>
  <datafield tag="080" ind1=" " ind2=" ">
    <subfield code="a">311.3</subfield>
    <subfield code="x">Organizaci&#xF3;n general de las estadisticas. Estad&#xED;stica oficial</subfield>
  </datafield>
  <datafield tag="245" ind1="1" ind2="0">
    <subfield code="a">Estad&#xED;stica mensual</subfield>
  </datafield>
  <datafield tag="022" ind1=" " ind2=" ">
    <subfield code="a">0326-6214</subfield>
  </datafield>
  <datafield tag="264" ind1=" " ind2="1">
    <subfield code="a">Buenos Aires :</subfield>
    <subfield code="b">INDEC</subfield>
    <subfield code="c">1985</subfield>
  </datafield>
  <datafield tag="310" ind1=" " ind2=" ">
    <subfield code="a">Frecuencia: Mensual
La publicaci&#xF3;n de estos &#xED;ndices, efectuada hasta diciembre de 1984 (N&#xBA; 144) en fasc&#xED;culos independientes, a partir de enero de 1985 ha sido unificada en un s&#xF3;lo volumen, manteni&#xE9;ndose la numeraci&#xF3;n correlativa anterior. Asimismo, a partir del mes mencionado (N&#xBA; 145), la consideraci&#xF3;n del &#xED;tem Salarios se efect&#xFA;a en un apartado espec&#xED;fico, con el agragado de nueva informaci&#xF3;n.</subfield>
  </datafield>
  <datafield tag="942" ind1=" " ind2=" ">
    <subfield code="c">SER</subfield>
  </datafield>
  <datafield tag="590" ind1=" " ind2=" ">
    <subfield code="a">niveau_biblio:s niveau_hierar:1</subfield>
  </datafield>
  <datafield tag="100" ind1="1" ind2=" ">
    <subfield code="a">Instituto Nacional de Estad&#xED;stica y Censos (INDEC)</subfield>
  </datafield>
  <datafield tag="650" ind1=" " ind2=" ">
    <subfield code="a">ESTADISTICA</subfield>
  </datafield>
  <datafield tag="650" ind1=" " ind2=" ">
    <subfield code="a">Industria de la construcci&#xF3;n</subfield>
  </datafield>
  <datafield tag="650" ind1=" " ind2=" ">
    <subfield code="a">Salario</subfield>
  </datafield>
  <datafield tag="856" ind1="4" ind2="1">
    <subfield code="u">https://biblioeco.unsa.edu.ar/pmb/images/revistas/R08056.jpg</subfield>
    <subfield code="y">Imagen de portada</subfield>
    <subfield code="q">image/jpeg</subfield>
  </datafield>
  <datafield tag="999" ind1=" " ind2=" ">
    <subfield code="c">8481</subfield>
    <subfield code="d">8481</subfield>
  </datafield>
  <datafield tag="952" ind1=" " ind2=" ">
    <subfield code="0">0</subfield>
    <subfield code="1">0</subfield>
    <subfield code="4">0</subfield>
    <subfield code="7">0</subfield>
    <subfield code="a">BCEJYS</subfield>
    <subfield code="b">BCEJYS</subfield>
    <subfield code="c">17</subfield>
    <subfield code="d">1995-11-01</subfield>
    <subfield code="h">Vol. 5, N&#xBA; 11 - nov. 1995</subfield>
    <subfield code="l">0</subfield>
    <subfield code="o">H311.3 IND v5.n11</subfield>
    <subfield code="p">R08105</subfield>
    <subfield code="r">2026-04-10 16:07:42</subfield>
    <subfield code="w">2026-04-10</subfield>
    <subfield code="y">RN</subfield>
  </datafield>
  <datafield tag="952" ind1=" " ind2=" ">
    <subfield code="0">0</subfield>
    <subfield code="1">0</subfield>
    <subfield code="4">0</subfield>
    <subfield code="7">0</subfield>
    <subfield code="a">BCEJYS</subfield>
    <subfield code="b">BCEJYS</subfield>
    <subfield code="c">17</subfield>
    <subfield code="d">1995-10-01</subfield>
    <subfield code="h">Vol. 5, N&#xBA; 10 - oct. 1995</subfield>
    <subfield code="l">0</subfield>
    <subfield code="o">H311.3 IND v5.n10</subfield>
    <subfield code="p">R08104</subfield>
    <subfield code="r">2026-04-10 16:07:42</subfield>
    <subfield code="w">2026-04-10</subfield>
    <subfield code="y">RN</subfield>
  </datafield>
  <datafield tag="952" ind1=" " ind2=" ">
    <subfield code="0">0</subfield>
    <subfield code="1">0</subfield>
    <subfield code="4">0</subfield>
    <subfield code="7">0</subfield>
    <subfield code="a">BCEJYS</subfield>
    <subfield code="b">BCEJYS</subfield>
    <subfield code="c">17</subfield>
    <subfield code="d">1995-09-01</subfield>
    <subfield code="h">Vol. 5, N&#xBA; 9 - sep. 1995</subfield>
    <subfield code="l">0</subfield>
    <subfield code="o">H311.3 IND v5.n9</subfield>
    <subfield code="p">R08103</subfield>
    <subfield code="r">2026-04-10 16:07:42</subfield>
    <subfield code="w">2026-04-10</subfield>
    <subfield code="y">RN</subfield>
  </datafield>
  <datafield tag="952" ind1=" " ind2=" ">
    <subfield code="0">0</subfield>
    <subfield code="1">0</subfield>
    <subfield code="4">0</subfield>
    <subfield code="7">0</subfield>
    <subfield code="a">BCEJYS</subfield>
    <subfield code="b">BCEJYS</subfield>
    <subfield code="c">17</subfield>
    <subfield code="d">1995-08-01</subfield>
    <subfield code="h">Vol. 5, N&#xBA; 8 - ago. 1995</subfield>
    <subfield code="l">0</subfield>
    <subfield code="o">H311.3 IND v5.n8</subfield>
    <subfield code="p">R08102</subfield>
    <subfield code="r">2026-04-10 16:07:42</subfield>
    <subfield code="w">2026-04-10</subfield>
    <subfield code="y">RN</subfield>
  </datafield>
  <datafield tag="952" ind1=" " ind2=" ">
    <subfield code="0">0</subfield>
    <subfield code="1">0</subfield>
    <subfield code="4">0</subfield>
    <subfield code="7">0</subfield>
    <subfield code="a">BCEJYS</subfield>
    <subfield code="b">BCEJYS</subfield>
    <subfield code="c">17</subfield>
    <subfield code="d">1995-07-01</subfield>
    <subfield code="h">Vol. 5, N&#xBA; 7 - jul. 1995</subfield>
    <subfield code="l">0</subfield>
    <subfield code="o">H311.3 IND v5.n7</subfield>
    <subfield code="p">R08101</subfield>
    <subfield code="r">2026-04-10 16:07:42</subfield>
    <subfield code="w">2026-04-10</subfield>
    <subfield code="y">RN</subfield>
  </datafield>
  <datafield tag="952" ind1=" " ind2=" ">
    <subfield code="0">0</subfield>
    <subfield code="1">0</subfield>
    <subfield code="4">0</subfield>
    <subfield code="7">0</subfield>
    <subfield code="a">BCEJYS</subfield>
    <subfield code="b">BCEJYS</subfield>
    <subfield code="c">17</subfield>
    <subfield code="d">1995-06-01</subfield>
    <subfield code="h">Vol. 5, N&#xBA; 6 - jun. 1995</subfield>
    <subfield code="l">0</subfield>
    <subfield code="o">H311.3 IND v5.n6</subfield>
    <subfield code="p">R08100</subfield>
    <subfield code="r">2026-04-10 16:07:42</subfield>
    <subfield code="w">2026-04-10</subfield>
    <subfield code="y">RN</subfield>
  </datafield>
  <datafield tag="952" ind1=" " ind2=" ">
    <subfield code="0">0</subfield>
    <subfield code="1">0</subfield>
    <subfield code="4">0</subfield>
    <subfield code="7">0</subfield>
    <subfield code="a">BCEJYS</subfield>
    <subfield code="b">BCEJYS</subfield>
    <subfield code="c">17</subfield>
    <subfield code="d">1995-05-01</subfield>
    <subfield code="h">Vol. 5, N&#xBA; 5 - mayo 1995</subfield>
    <subfield code="l">0</subfield>
    <subfield code="o">H311.3 IND v5.n5</subfield>
    <subfield code="p">R08099</subfield>
    <subfield code="r">2026-04-10 16:07:42</subfield>
    <subfield code="w">2026-04-10</subfield>
    <subfield code="y">RN</subfield>
  </datafield>
  <datafield tag="952" ind1=" " ind2=" ">
    <subfield code="0">0</subfield>
    <subfield code="1">0</subfield>
    <subfield code="4">0</subfield>
    <subfield code="7">0</subfield>
    <subfield code="a">BCEJYS</subfield>
    <subfield code="b">BCEJYS</subfield>
    <subfield code="c">17</subfield>
    <subfield code="d">1995-04-01</subfield>
    <subfield code="h">Vol. 5, N&#xBA; 4 - abr. 1995</subfield>
    <subfield code="l">0</subfield>
    <subfield code="o">H311.3 IND v5.n4</subfield>
    <subfield code="p">R08098</subfield>
    <subfield code="r">2026-04-10 16:07:42</subfield>
    <subfield code="w">2026-04-10</subfield>
    <subfield code="y">RN</subfield>
  </datafield>
  <datafield tag="952" ind1=" " ind2=" ">
    <subfield code="0">0</subfield>
    <subfield code="1">0</subfield>
    <subfield code="4">0</subfield>
    <subfield code="7">0</subfield>
    <subfield code="a">BCEJYS</subfield>
    <subfield code="b">BCEJYS</subfield>
    <subfield code="c">17</subfield>
    <subfield code="d">1995-03-01</subfield>
    <subfield code="h">Vol. 5, N&#xBA; 3 - mar. 1995</subfield>
    <subfield code="l">0</subfield>
    <subfield code="o">H311.3 IND v5.n3</subfield>
    <subfield code="p">R08097</subfield>
    <subfield code="r">2026-04-10 16:07:42</subfield>
    <subfield code="w">2026-04-10</subfield>
    <subfield code="y">RN</subfield>
  </datafield>
  <datafield tag="952" ind1=" " ind2=" ">
    <subfield code="0">0</subfield>
    <subfield code="1">0</subfield>
    <subfield code="4">0</subfield>
    <subfield code="7">0</subfield>
    <subfield code="a">BCEJYS</subfield>
    <subfield code="b">BCEJYS</subfield>
    <subfield code="c">17</subfield>
    <subfield code="d">1995-02-01</subfield>
    <subfield code="h">Vol. 5. N&#xBA; 2 - feb. 1995</subfield>
    <subfield code="l">0</subfield>
    <subfield code="o">H311.3 IND v5.n2</subfield>
    <subfield code="p">R08096</subfield>
    <subfield code="r">2026-04-10 16:07:42</subfield>
    <subfield code="w">2026-04-10</subfield>
    <subfield code="y">RN</subfield>
  </datafield>
  <datafield tag="952" ind1=" " ind2=" ">
    <subfield code="0">0</subfield>
    <subfield code="1">0</subfield>
    <subfield code="4">0</subfield>
    <subfield code="7">0</subfield>
    <subfield code="a">BCEJYS</subfield>
    <subfield code="b">BCEJYS</subfield>
    <subfield code="c">17</subfield>
    <subfield code="d">1995-01-01</subfield>
    <subfield code="h">Vol. 5, N&#xBA; 1 - ene. 1995</subfield>
    <subfield code="l">0</subfield>
    <subfield code="o">H311.3 IND v5.n1</subfield>
    <subfield code="p">R08095</subfield>
    <subfield code="r">2026-04-10 16:07:42</subfield>
    <subfield code="w">2026-04-10</subfield>
    <subfield code="y">RN</subfield>
  </datafield>
  <datafield tag="952" ind1=" " ind2=" ">
    <subfield code="0">0</subfield>
    <subfield code="1">0</subfield>
    <subfield code="4">0</subfield>
    <subfield code="7">0</subfield>
    <subfield code="a">BCEJYS</subfield>
    <subfield code="b">BCEJYS</subfield>
    <subfield code="c">17</subfield>
    <subfield code="d">1994-12-01</subfield>
    <subfield code="h">Vol. 4, N&#xBA; 12 - dic. 1994</subfield>
    <subfield code="l">0</subfield>
    <subfield code="o">H311.3 IND v4.n12</subfield>
    <subfield code="p">R08094</subfield>
    <subfield code="r">2026-04-10 16:07:42</subfield>
    <subfield code="w">2026-04-10</subfield>
    <subfield code="y">RN</subfield>
  </datafield>
  <datafield tag="952" ind1=" " ind2=" ">
    <subfield code="0">0</subfield>
    <subfield code="1">0</subfield>
    <subfield code="4">0</subfield>
    <subfield code="7">0</subfield>
    <subfield code="a">BCEJYS</subfield>
    <subfield code="b">BCEJYS</subfield>
    <subfield code="c">17</subfield>
    <subfield code="d">1994-11-01</subfield>
    <subfield code="h">Vol. 4, N&#xBA; 11 - nov. 1994</subfield>
    <subfield code="l">0</subfield>
    <subfield code="o">H311.3 IND v4.n11</subfield>
    <subfield code="p">R08093</subfield>
    <subfield code="r">2026-04-10 16:07:42</subfield>
    <subfield code="w">2026-04-10</subfield>
    <subfield code="y">RN</subfield>
  </datafield>
  <datafield tag="952" ind1=" " ind2=" ">
    <subfield code="0">0</subfield>
    <subfield code="1">0</subfield>
    <subfield code="4">0</subfield>
    <subfield code="7">0</subfield>
    <subfield code="a">BCEJYS</subfield>
    <subfield code="b">BCEJYS</subfield>
    <subfield code="c">17</subfield>
    <subfield code="d">1994-10-01</subfield>
    <subfield code="h">Vol. 4, N&#xBA; 10 - oct. 1994</subfield>
    <subfield code="l">0</subfield>
    <subfield code="o">H311.3 IND v4.n10</subfield>
    <subfield code="p">R08092</subfield>
    <subfield code="r">2026-04-10 16:07:42</subfield>
    <subfield code="w">2026-04-10</subfield>
    <subfield code="y">RN</subfield>
  </datafield>
  <datafield tag="952" ind1=" " ind2=" ">
    <subfield code="0">0</subfield>
    <subfield code="1">0</subfield>
    <subfield code="4">0</subfield>
    <subfield code="7">0</subfield>
    <subfield code="a">BCEJYS</subfield>
    <subfield code="b">BCEJYS</subfield>
    <subfield code="c">17</subfield>
    <subfield code="d">1994-09-01</subfield>
    <subfield code="h">Vol. 4, N&#xBA; 9 - sep. 1994</subfield>
    <subfield code="l">0</subfield>
    <subfield code="o">H311.3 IND v4.n9</subfield>
    <subfield code="p">R08091</subfield>
    <subfield code="r">2026-04-10 16:07:42</subfield>
    <subfield code="w">2026-04-10</subfield>
    <subfield code="y">RN</subfield>
  </datafield>
  <datafield tag="952" ind1=" " ind2=" ">
    <subfield code="0">0</subfield>
    <subfield code="1">0</subfield>
    <subfield code="4">0</subfield>
    <subfield code="7">0</subfield>
    <subfield code="a">BCEJYS</subfield>
    <subfield code="b">BCEJYS</subfield>
    <subfield code="c">17</subfield>
    <subfield code="d">1994-08-01</subfield>
    <subfield code="h">Vol. 4, N&#xBA; 8 - ago .1994</subfield>
    <subfield code="l">0</subfield>
    <subfield code="o">H311.3 IND v4.n8</subfield>
    <subfield code="p">R08090</subfield>
    <subfield code="r">2026-04-10 16:07:42</subfield>
    <subfield code="w">2026-04-10</subfield>
    <subfield code="y">RN</subfield>
  </datafield>
  <datafield tag="952" ind1=" " ind2=" ">
    <subfield code="0">0</subfield>
    <subfield code="1">0</subfield>
    <subfield code="4">0</subfield>
    <subfield code="7">0</subfield>
    <subfield code="a">BCEJYS</subfield>
    <subfield code="b">BCEJYS</subfield>
    <subfield code="c">17</subfield>
    <subfield code="d">1994-07-01</subfield>
    <subfield code="h">Vol. 4, N&#xBA; 7 - jul. 1994</subfield>
    <subfield code="l">0</subfield>
    <subfield code="o">H311.3 IND v4.n7</subfield>
    <subfield code="p">R08089</subfield>
    <subfield code="r">2026-04-10 16:07:42</subfield>
    <subfield code="w">2026-04-10</subfield>
    <subfield code="y">RN</subfield>
  </datafield>
  <datafield tag="952" ind1=" " ind2=" ">
    <subfield code="0">0</subfield>
    <subfield code="1">0</subfield>
    <subfield code="4">0</subfield>
    <subfield code="7">0</subfield>
    <subfield code="a">BCEJYS</subfield>
    <subfield code="b">BCEJYS</subfield>
    <subfield code="c">17</subfield>
    <subfield code="d">1994-06-01</subfield>
    <subfield code="h">Vol. 4, N&#xBA; 6 - jun. 1994</subfield>
    <subfield code="l">0</subfield>
    <subfield code="o">H311.3 IND v4.n6</subfield>
    <subfield code="p">R08088</subfield>
    <subfield code="r">2026-04-10 16:07:42</subfield>
    <subfield code="w">2026-04-10</subfield>
    <subfield code="y">RN</subfield>
  </datafield>
  <datafield tag="952" ind1=" " ind2=" ">
    <subfield code="0">0</subfield>
    <subfield code="1">0</subfield>
    <subfield code="4">0</subfield>
    <subfield code="7">0</subfield>
    <subfield code="a">BCEJYS</subfield>
    <subfield code="b">BCEJYS</subfield>
    <subfield code="c">17</subfield>
    <subfield code="d">1994-05-01</subfield>
    <subfield code="h">Vol. 4, N&#xBA; 5 - mayo 1994</subfield>
    <subfield code="l">0</subfield>
    <subfield code="o">H311.3 IND v4.n5</subfield>
    <subfield code="p">R08087</subfield>
    <subfield code="r">2026-04-10 16:07:42</subfield>
    <subfield code="w">2026-04-10</subfield>
    <subfield code="y">RN</subfield>
  </datafield>
  <datafield tag="952" ind1=" " ind2=" ">
    <subfield code="0">0</subfield>
    <subfield code="1">0</subfield>
    <subfield code="4">0</subfield>
    <subfield code="7">0</subfield>
    <subfield code="a">BCEJYS</subfield>
    <subfield code="b">BCEJYS</subfield>
    <subfield code="c">17</subfield>
    <subfield code="d">1994-04-01</subfield>
    <subfield code="h">Vol. 4, N&#xBA; 4 - abr. 1994</subfield>
    <subfield code="l">0</subfield>
    <subfield code="o">H311.3 IND v4.n4</subfield>
    <subfield code="p">R08086</subfield>
    <subfield code="r">2026-04-10 16:07:42</subfield>
    <subfield code="w">2026-04-10</subfield>
    <subfield code="y">RN</subfield>
  </datafield>
  <datafield tag="952" ind1=" " ind2=" ">
    <subfield code="0">0</subfield>
    <subfield code="1">0</subfield>
    <subfield code="4">0</subfield>
    <subfield code="7">0</subfield>
    <subfield code="a">BCEJYS</subfield>
    <subfield code="b">BCEJYS</subfield>
    <subfield code="c">17</subfield>
    <subfield code="d">1994-03-01</subfield>
    <subfield code="h">Vol. 4, N&#xBA; 3 - mar. 1994</subfield>
    <subfield code="l">0</subfield>
    <subfield code="o">H311.3 IND v4.n3</subfield>
    <subfield code="p">R08085</subfield>
    <subfield code="r">2026-04-10 16:07:42</subfield>
    <subfield code="w">2026-04-10</subfield>
    <subfield code="y">RN</subfield>
  </datafield>
  <datafield tag="952" ind1=" " ind2=" ">
    <subfield code="0">0</subfield>
    <subfield code="1">0</subfield>
    <subfield code="4">0</subfield>
    <subfield code="7">0</subfield>
    <subfield code="a">BCEJYS</subfield>
    <subfield code="b">BCEJYS</subfield>
    <subfield code="c">17</subfield>
    <subfield code="d">1994-02-01</subfield>
    <subfield code="h">Vol. 4, N&#xBA; 2 - feb. 1994</subfield>
    <subfield code="l">0</subfield>
    <subfield code="o">H311.3 IND v4.n2</subfield>
    <subfield code="p">R08084</subfield>
    <subfield code="r">2026-04-10 16:07:42</subfield>
    <subfield code="w">2026-04-10</subfield>
    <subfield code="y">RN</subfield>
  </datafield>
  <datafield tag="952" ind1=" " ind2=" ">
    <subfield code="0">0</subfield>
    <subfield code="1">0</subfield>
    <subfield code="4">0</subfield>
    <subfield code="7">0</subfield>
    <subfield code="a">BCEJYS</subfield>
    <subfield code="b">BCEJYS</subfield>
    <subfield code="c">17</subfield>
    <subfield code="d">1993-12-01</subfield>
    <subfield code="h">Vol. 3, N&#xBA; 12 - dic. 1993</subfield>
    <subfield code="l">0</subfield>
    <subfield code="o">H311.3 IND v3.n12</subfield>
    <subfield code="p">R08081</subfield>
    <subfield code="r">2026-04-10 16:07:42</subfield>
    <subfield code="w">2026-04-10</subfield>
    <subfield code="y">RN</subfield>
  </datafield>
  <datafield tag="952" ind1=" " ind2=" ">
    <subfield code="0">0</subfield>
    <subfield code="1">0</subfield>
    <subfield code="4">0</subfield>
    <subfield code="7">0</subfield>
    <subfield code="a">BCEJYS</subfield>
    <subfield code="b">BCEJYS</subfield>
    <subfield code="c">17</subfield>
    <subfield code="d">1993-11-01</subfield>
    <subfield code="h">Vol. 3, N&#xBA; 11 - nov. 1993</subfield>
    <subfield code="l">0</subfield>
    <subfield code="o">H311.3 IND v3.n11</subfield>
    <subfield code="p">R08083</subfield>
    <subfield code="r">2026-04-10 16:07:42</subfield>
    <subfield code="w">2026-04-10</subfield>
    <subfield code="y">RN</subfield>
  </datafield>
  <datafield tag="952" ind1=" " ind2=" ">
    <subfield code="0">0</subfield>
    <subfield code="1">0</subfield>
    <subfield code="4">0</subfield>
    <subfield code="7">0</subfield>
    <subfield code="a">BCEJYS</subfield>
    <subfield code="b">BCEJYS</subfield>
    <subfield code="c">17</subfield>
    <subfield code="d">1993-10-01</subfield>
    <subfield code="h">Vol. 3, N&#xBA; 10 - oct. 1993</subfield>
    <subfield code="l">0</subfield>
    <subfield code="o">H311.3 IND v3.n10</subfield>
    <subfield code="p">R08080</subfield>
    <subfield code="r">2026-04-10 16:07:42</subfield>
    <subfield code="w">2026-04-10</subfield>
    <subfield code="y">RN</subfield>
  </datafield>
  <datafield tag="952" ind1=" " ind2=" ">
    <subfield code="0">0</subfield>
    <subfield code="1">0</subfield>
    <subfield code="4">0</subfield>
    <subfield code="7">0</subfield>
    <subfield code="a">BCEJYS</subfield>
    <subfield code="b">BCEJYS</subfield>
    <subfield code="c">17</subfield>
    <subfield code="d">1993-09-01</subfield>
    <subfield code="h">Vol. 3, N&#xBA; 9 - sep. 1993</subfield>
    <subfield code="l">0</subfield>
    <subfield code="o">H311.3 IND v3.n9</subfield>
    <subfield code="p">R08082</subfield>
    <subfield code="r">2026-04-10 16:07:42</subfield>
    <subfield code="w">2026-04-10</subfield>
    <subfield code="y">RN</subfield>
  </datafield>
  <datafield tag="952" ind1=" " ind2=" ">
    <subfield code="0">0</subfield>
    <subfield code="1">0</subfield>
    <subfield code="4">0</subfield>
    <subfield code="7">0</subfield>
    <subfield code="a">BCEJYS</subfield>
    <subfield code="b">BCEJYS</subfield>
    <subfield code="c">17</subfield>
    <subfield code="d">1993-08-01</subfield>
    <subfield code="h">Vol. 3, N&#xBA; 8 - ago. 1993</subfield>
    <subfield code="l">0</subfield>
    <subfield code="o">H311.3 IND v3.n8</subfield>
    <subfield code="p">R08079</subfield>
    <subfield code="r">2026-04-10 16:07:42</subfield>
    <subfield code="w">2026-04-10</subfield>
    <subfield code="y">RN</subfield>
  </datafield>
  <datafield tag="952" ind1=" " ind2=" ">
    <subfield code="0">0</subfield>
    <subfield code="1">0</subfield>
    <subfield code="4">0</subfield>
    <subfield code="7">0</subfield>
    <subfield code="a">BCEJYS</subfield>
    <subfield code="b">BCEJYS</subfield>
    <subfield code="c">17</subfield>
    <subfield code="d">1993-07-01</subfield>
    <subfield code="h">Vol. 3, N&#xBA; 7 - jul. 1993</subfield>
    <subfield code="l">0</subfield>
    <subfield code="o">H311.3 IND v3.n7</subfield>
    <subfield code="p">R08078</subfield>
    <subfield code="r">2026-04-10 16:07:42</subfield>
    <subfield code="w">2026-04-10</subfield>
    <subfield code="y">RN</subfield>
  </datafield>
  <datafield tag="952" ind1=" " ind2=" ">
    <subfield code="0">0</subfield>
    <subfield code="1">0</subfield>
    <subfield code="4">0</subfield>
    <subfield code="7">0</subfield>
    <subfield code="a">BCEJYS</subfield>
    <subfield code="b">BCEJYS</subfield>
    <subfield code="c">17</subfield>
    <subfield code="d">1993-06-01</subfield>
    <subfield code="h">Vol. 3, N&#xBA; 6 - jun. 1993</subfield>
    <subfield code="l">0</subfield>
    <subfield code="o">H311.3 IND v3.n6</subfield>
    <subfield code="p">R08077</subfield>
    <subfield code="r">2026-04-10 16:07:42</subfield>
    <subfield code="w">2026-04-10</subfield>
    <subfield code="y">RN</subfield>
  </datafield>
  <datafield tag="952" ind1=" " ind2=" ">
    <subfield code="0">0</subfield>
    <subfield code="1">0</subfield>
    <subfield code="4">0</subfield>
    <subfield code="7">0</subfield>
    <subfield code="a">BCEJYS</subfield>
    <subfield code="b">BCEJYS</subfield>
    <subfield code="c">17</subfield>
    <subfield code="d">1993-05-01</subfield>
    <subfield code="h">Vol. 3, N&#xBA; 5 - mayo 1993</subfield>
    <subfield code="l">0</subfield>
    <subfield code="o">H311.3 IND v3.n5</subfield>
    <subfield code="p">R08076</subfield>
    <subfield code="r">2026-04-10 16:07:42</subfield>
    <subfield code="w">2026-04-10</subfield>
    <subfield code="y">RN</subfield>
  </datafield>
  <datafield tag="952" ind1=" " ind2=" ">
    <subfield code="0">0</subfield>
    <subfield code="1">0</subfield>
    <subfield code="4">0</subfield>
    <subfield code="7">0</subfield>
    <subfield code="a">BCEJYS</subfield>
    <subfield code="b">BCEJYS</subfield>
    <subfield code="c">17</subfield>
    <subfield code="d">1993-04-01</subfield>
    <subfield code="h">Vol. 3, N&#xBA; 4 - abr. 1993</subfield>
    <subfield code="l">0</subfield>
    <subfield code="o">H311.3 IND v3.n4</subfield>
    <subfield code="p">R08075</subfield>
    <subfield code="r">2026-04-10 16:07:42</subfield>
    <subfield code="w">2026-04-10</subfield>
    <subfield code="y">RN</subfield>
  </datafield>
  <datafield tag="952" ind1=" " ind2=" ">
    <subfield code="0">0</subfield>
    <subfield code="1">0</subfield>
    <subfield code="4">0</subfield>
    <subfield code="7">0</subfield>
    <subfield code="a">BCEJYS</subfield>
    <subfield code="b">BCEJYS</subfield>
    <subfield code="c">17</subfield>
    <subfield code="d">1991-07-01</subfield>
    <subfield code="h">Vol. 1, N&#xBA; 7 - jul. 1991</subfield>
    <subfield code="l">0</subfield>
    <subfield code="o">H311.3 IND v1.n7</subfield>
    <subfield code="p">R08074</subfield>
    <subfield code="r">2026-04-10 16:07:42</subfield>
    <subfield code="w">2026-04-10</subfield>
    <subfield code="y">RN</subfield>
  </datafield>
  <datafield tag="952" ind1=" " ind2=" ">
    <subfield code="0">0</subfield>
    <subfield code="1">0</subfield>
    <subfield code="4">0</subfield>
    <subfield code="7">0</subfield>
    <subfield code="a">BCEJYS</subfield>
    <subfield code="b">BCEJYS</subfield>
    <subfield code="c">17</subfield>
    <subfield code="d">1989-10-01</subfield>
    <subfield code="h">N&#xBA; 202 - oct. 1989</subfield>
    <subfield code="l">0</subfield>
    <subfield code="o">H311.3 IND 202</subfield>
    <subfield code="p">R08073</subfield>
    <subfield code="r">2026-04-10 16:07:42</subfield>
    <subfield code="w">2026-04-10</subfield>
    <subfield code="y">RN</subfield>
  </datafield>
  <datafield tag="952" ind1=" " ind2=" ">
    <subfield code="0">0</subfield>
    <subfield code="1">0</subfield>
    <subfield code="4">0</subfield>
    <subfield code="7">0</subfield>
    <subfield code="a">BCEJYS</subfield>
    <subfield code="b">BCEJYS</subfield>
    <subfield code="c">17</subfield>
    <subfield code="d">1989-09-01</subfield>
    <subfield code="h">N&#xBA; 201 - sep. 1989</subfield>
    <subfield code="l">0</subfield>
    <subfield code="o">H311.3 IND 201</subfield>
    <subfield code="p">R08072</subfield>
    <subfield code="r">2026-04-10 16:07:42</subfield>
    <subfield code="w">2026-04-10</subfield>
    <subfield code="y">RN</subfield>
  </datafield>
  <datafield tag="952" ind1=" " ind2=" ">
    <subfield code="0">0</subfield>
    <subfield code="1">0</subfield>
    <subfield code="4">0</subfield>
    <subfield code="7">0</subfield>
    <subfield code="a">BCEJYS</subfield>
    <subfield code="b">BCEJYS</subfield>
    <subfield code="c">17</subfield>
    <subfield code="d">1989-08-01</subfield>
    <subfield code="h">N&#xBA; 200 - ago. 1989</subfield>
    <subfield code="l">0</subfield>
    <subfield code="o">H311.3 IND 200</subfield>
    <subfield code="p">R08071</subfield>
    <subfield code="r">2026-04-10 16:07:42</subfield>
    <subfield code="w">2026-04-10</subfield>
    <subfield code="y">RN</subfield>
  </datafield>
  <datafield tag="952" ind1=" " ind2=" ">
    <subfield code="0">0</subfield>
    <subfield code="1">0</subfield>
    <subfield code="4">0</subfield>
    <subfield code="7">0</subfield>
    <subfield code="a">BCEJYS</subfield>
    <subfield code="b">BCEJYS</subfield>
    <subfield code="c">17</subfield>
    <subfield code="d">1989-07-01</subfield>
    <subfield code="h">N&#xBA; 199 - jul. 1989</subfield>
    <subfield code="l">0</subfield>
    <subfield code="o">H311.3 IND 199</subfield>
    <subfield code="p">R08070</subfield>
    <subfield code="r">2026-04-10 16:07:42</subfield>
    <subfield code="w">2026-04-10</subfield>
    <subfield code="y">RN</subfield>
  </datafield>
  <datafield tag="952" ind1=" " ind2=" ">
    <subfield code="0">0</subfield>
    <subfield code="1">0</subfield>
    <subfield code="4">0</subfield>
    <subfield code="7">0</subfield>
    <subfield code="a">BCEJYS</subfield>
    <subfield code="b">BCEJYS</subfield>
    <subfield code="c">17</subfield>
    <subfield code="d">1989-06-01</subfield>
    <subfield code="h">N&#xBA; 198 - jun. 1989</subfield>
    <subfield code="l">0</subfield>
    <subfield code="o">H311.3 IND 198</subfield>
    <subfield code="p">R08069</subfield>
    <subfield code="r">2026-04-10 16:07:42</subfield>
    <subfield code="w">2026-04-10</subfield>
    <subfield code="y">RN</subfield>
  </datafield>
  <datafield tag="952" ind1=" " ind2=" ">
    <subfield code="0">0</subfield>
    <subfield code="1">0</subfield>
    <subfield code="4">0</subfield>
    <subfield code="7">0</subfield>
    <subfield code="a">BCEJYS</subfield>
    <subfield code="b">BCEJYS</subfield>
    <subfield code="c">17</subfield>
    <subfield code="d">1989-05-01</subfield>
    <subfield code="h">N&#xBA; 197 - mayo 1989</subfield>
    <subfield code="l">0</subfield>
    <subfield code="o">H311.3 IND 197</subfield>
    <subfield code="p">R08068</subfield>
    <subfield code="r">2026-04-10 16:07:42</subfield>
    <subfield code="w">2026-04-10</subfield>
    <subfield code="y">RN</subfield>
  </datafield>
  <datafield tag="952" ind1=" " ind2=" ">
    <subfield code="0">0</subfield>
    <subfield code="1">0</subfield>
    <subfield code="4">0</subfield>
    <subfield code="7">0</subfield>
    <subfield code="a">BCEJYS</subfield>
    <subfield code="b">BCEJYS</subfield>
    <subfield code="c">17</subfield>
    <subfield code="d">1989-04-01</subfield>
    <subfield code="h">N&#xBA; 196 - abr. 1989</subfield>
    <subfield code="l">0</subfield>
    <subfield code="o">H311.3 IND 196</subfield>
    <subfield code="p">R08067</subfield>
    <subfield code="r">2026-04-10 16:07:42</subfield>
    <subfield code="w">2026-04-10</subfield>
    <subfield code="y">RN</subfield>
  </datafield>
  <datafield tag="952" ind1=" " ind2=" ">
    <subfield code="0">0</subfield>
    <subfield code="1">0</subfield>
    <subfield code="4">0</subfield>
    <subfield code="7">0</subfield>
    <subfield code="a">BCEJYS</subfield>
    <subfield code="b">BCEJYS</subfield>
    <subfield code="c">17</subfield>
    <subfield code="d">1989-03-01</subfield>
    <subfield code="h">N&#xBA; 195 - mar. 1989</subfield>
    <subfield code="l">0</subfield>
    <subfield code="o">H311.3 IND 195</subfield>
    <subfield code="p">R08066</subfield>
    <subfield code="r">2026-04-10 16:07:42</subfield>
    <subfield code="w">2026-04-10</subfield>
    <subfield code="y">RN</subfield>
  </datafield>
  <datafield tag="952" ind1=" " ind2=" ">
    <subfield code="0">0</subfield>
    <subfield code="1">0</subfield>
    <subfield code="4">0</subfield>
    <subfield code="7">0</subfield>
    <subfield code="a">BCEJYS</subfield>
    <subfield code="b">BCEJYS</subfield>
    <subfield code="c">17</subfield>
    <subfield code="d">1989-02-01</subfield>
    <subfield code="h">N&#xBA; 194 - feb. 1989</subfield>
    <subfield code="l">0</subfield>
    <subfield code="o">H311.3 IND 194</subfield>
    <subfield code="p">R08065</subfield>
    <subfield code="r">2026-04-10 16:07:42</subfield>
    <subfield code="w">2026-04-10</subfield>
    <subfield code="y">RN</subfield>
  </datafield>
  <datafield tag="952" ind1=" " ind2=" ">
    <subfield code="0">0</subfield>
    <subfield code="1">0</subfield>
    <subfield code="4">0</subfield>
    <subfield code="7">0</subfield>
    <subfield code="a">BCEJYS</subfield>
    <subfield code="b">BCEJYS</subfield>
    <subfield code="c">17</subfield>
    <subfield code="d">1989-01-01</subfield>
    <subfield code="h">N&#xBA; 193 - ene. 1989</subfield>
    <subfield code="l">0</subfield>
    <subfield code="o">H311.3 IND 193</subfield>
    <subfield code="p">R08064</subfield>
    <subfield code="r">2026-04-10 16:07:42</subfield>
    <subfield code="w">2026-04-10</subfield>
    <subfield code="y">RN</subfield>
  </datafield>
  <datafield tag="952" ind1=" " ind2=" ">
    <subfield code="0">0</subfield>
    <subfield code="1">0</subfield>
    <subfield code="4">0</subfield>
    <subfield code="7">0</subfield>
    <subfield code="a">BCEJYS</subfield>
    <subfield code="b">BCEJYS</subfield>
    <subfield code="c">17</subfield>
    <subfield code="d">1988-12-01</subfield>
    <subfield code="h">N&#xBA; 192 - dic. 1988</subfield>
    <subfield code="l">0</subfield>
    <subfield code="o">H311.3 IND 192</subfield>
    <subfield code="p">R08063</subfield>
    <subfield code="r">2026-04-10 16:07:42</subfield>
    <subfield code="w">2026-04-10</subfield>
    <subfield code="y">RN</subfield>
  </datafield>
  <datafield tag="952" ind1=" " ind2=" ">
    <subfield code="0">0</subfield>
    <subfield code="1">0</subfield>
    <subfield code="4">0</subfield>
    <subfield code="7">0</subfield>
    <subfield code="a">BCEJYS</subfield>
    <subfield code="b">BCEJYS</subfield>
    <subfield code="c">17</subfield>
    <subfield code="d">1988-11-01</subfield>
    <subfield code="h">N&#xBA; 191 - nov. 1988</subfield>
    <subfield code="l">0</subfield>
    <subfield code="o">H311.3 IND 191</subfield>
    <subfield code="p">R08062</subfield>
    <subfield code="r">2026-04-10 16:07:42</subfield>
    <subfield code="w">2026-04-10</subfield>
    <subfield code="y">RN</subfield>
  </datafield>
  <datafield tag="952" ind1=" " ind2=" ">
    <subfield code="0">0</subfield>
    <subfield code="1">0</subfield>
    <subfield code="4">0</subfield>
    <subfield code="7">0</subfield>
    <subfield code="a">BCEJYS</subfield>
    <subfield code="b">BCEJYS</subfield>
    <subfield code="c">17</subfield>
    <subfield code="d">1988-10-01</subfield>
    <subfield code="h">N&#xBA; 190 - ago. 1988</subfield>
    <subfield code="l">0</subfield>
    <subfield code="o">H311.3 IND 190</subfield>
    <subfield code="p">R08061</subfield>
    <subfield code="r">2026-04-10 16:07:43</subfield>
    <subfield code="w">2026-04-10</subfield>
    <subfield code="y">RN</subfield>
  </datafield>
  <datafield tag="952" ind1=" " ind2=" ">
    <subfield code="0">0</subfield>
    <subfield code="1">0</subfield>
    <subfield code="4">0</subfield>
    <subfield code="7">0</subfield>
    <subfield code="a">BCEJYS</subfield>
    <subfield code="b">BCEJYS</subfield>
    <subfield code="c">17</subfield>
    <subfield code="d">1988-09-01</subfield>
    <subfield code="h">N&#xBA; 189 - sep. 1988</subfield>
    <subfield code="l">0</subfield>
    <subfield code="o">H311.3 IND 189</subfield>
    <subfield code="p">R08060</subfield>
    <subfield code="r">2026-04-10 16:07:43</subfield>
    <subfield code="w">2026-04-10</subfield>
    <subfield code="y">RN</subfield>
  </datafield>
  <datafield tag="952" ind1=" " ind2=" ">
    <subfield code="0">0</subfield>
    <subfield code="1">0</subfield>
    <subfield code="4">0</subfield>
    <subfield code="7">0</subfield>
    <subfield code="a">BCEJYS</subfield>
    <subfield code="b">BCEJYS</subfield>
    <subfield code="c">17</subfield>
    <subfield code="d">1988-08-01</subfield>
    <subfield code="h">N&#xBA; 188 - ago. 1988</subfield>
    <subfield code="l">0</subfield>
    <subfield code="o">H311.3 IND 188</subfield>
    <subfield code="p">R08059</subfield>
    <subfield code="r">2026-04-10 16:07:43</subfield>
    <subfield code="w">2026-04-10</subfield>
    <subfield code="y">RN</subfield>
  </datafield>
  <datafield tag="952" ind1=" " ind2=" ">
    <subfield code="0">0</subfield>
    <subfield code="1">0</subfield>
    <subfield code="4">0</subfield>
    <subfield code="7">0</subfield>
    <subfield code="a">BCEJYS</subfield>
    <subfield code="b">BCEJYS</subfield>
    <subfield code="c">17</subfield>
    <subfield code="d">1988-07-01</subfield>
    <subfield code="h">N&#xBA; 187 - jul. 1988</subfield>
    <subfield code="l">0</subfield>
    <subfield code="o">H311.3 IND 187</subfield>
    <subfield code="p">R08058</subfield>
    <subfield code="r">2026-04-10 16:07:43</subfield>
    <subfield code="w">2026-04-10</subfield>
    <subfield code="y">RN</subfield>
  </datafield>
  <datafield tag="952" ind1=" " ind2=" ">
    <subfield code="0">0</subfield>
    <subfield code="1">0</subfield>
    <subfield code="4">0</subfield>
    <subfield code="7">0</subfield>
    <subfield code="a">BCEJYS</subfield>
    <subfield code="b">BCEJYS</subfield>
    <subfield code="c">17</subfield>
    <subfield code="d">1988-06-01</subfield>
    <subfield code="h">N&#xBA; 186 - jun. 1988</subfield>
    <subfield code="l">0</subfield>
    <subfield code="o">H311.3 IND 186</subfield>
    <subfield code="p">R08057</subfield>
    <subfield code="r">2026-04-10 16:07:43</subfield>
    <subfield code="w">2026-04-10</subfield>
    <subfield code="y">RN</subfield>
  </datafield>
  <datafield tag="952" ind1=" " ind2=" ">
    <subfield code="0">0</subfield>
    <subfield code="1">0</subfield>
    <subfield code="4">0</subfield>
    <subfield code="7">0</subfield>
    <subfield code="a">BCEJYS</subfield>
    <subfield code="b">BCEJYS</subfield>
    <subfield code="c">17</subfield>
    <subfield code="d">1988-05-01</subfield>
    <subfield code="h">N&#xBA; 185 - mayo 1988</subfield>
    <subfield code="l">0</subfield>
    <subfield code="o">H311.3 IND 185</subfield>
    <subfield code="p">R08056</subfield>
    <subfield code="r">2026-04-10 16:07:43</subfield>
    <subfield code="w">2026-04-10</subfield>
    <subfield code="y">RN</subfield>
  </datafield>
  <datafield tag="952" ind1=" " ind2=" ">
    <subfield code="0">0</subfield>
    <subfield code="1">0</subfield>
    <subfield code="4">0</subfield>
    <subfield code="7">0</subfield>
    <subfield code="a">BCEJYS</subfield>
    <subfield code="b">BCEJYS</subfield>
    <subfield code="c">17</subfield>
    <subfield code="d">1988-04-01</subfield>
    <subfield code="h">N&#xBA; 184 - abr. 1988</subfield>
    <subfield code="l">0</subfield>
    <subfield code="o">H311.3 IND 184</subfield>
    <subfield code="p">R08055</subfield>
    <subfield code="r">2026-04-10 16:07:43</subfield>
    <subfield code="w">2026-04-10</subfield>
    <subfield code="y">RN</subfield>
  </datafield>
  <datafield tag="952" ind1=" " ind2=" ">
    <subfield code="0">0</subfield>
    <subfield code="1">0</subfield>
    <subfield code="4">0</subfield>
    <subfield code="7">0</subfield>
    <subfield code="a">BCEJYS</subfield>
    <subfield code="b">BCEJYS</subfield>
    <subfield code="c">17</subfield>
    <subfield code="d">1988-03-01</subfield>
    <subfield code="h">N&#xBA; 183 - mar. 1988</subfield>
    <subfield code="l">0</subfield>
    <subfield code="o">H311.3 IND 183</subfield>
    <subfield code="p">R08054</subfield>
    <subfield code="r">2026-04-10 16:07:43</subfield>
    <subfield code="w">2026-04-10</subfield>
    <subfield code="y">RN</subfield>
  </datafield>
  <datafield tag="952" ind1=" " ind2=" ">
    <subfield code="0">0</subfield>
    <subfield code="1">0</subfield>
    <subfield code="4">0</subfield>
    <subfield code="7">0</subfield>
    <subfield code="a">BCEJYS</subfield>
    <subfield code="b">BCEJYS</subfield>
    <subfield code="c">17</subfield>
    <subfield code="d">1988-02-01</subfield>
    <subfield code="h">N&#xBA; 182 - feb. 1988</subfield>
    <subfield code="l">0</subfield>
    <subfield code="o">H311.3 IND 182</subfield>
    <subfield code="p">R08053</subfield>
    <subfield code="r">2026-04-10 16:07:43</subfield>
    <subfield code="w">2026-04-10</subfield>
    <subfield code="y">RN</subfield>
  </datafield>
  <datafield tag="952" ind1=" " ind2=" ">
    <subfield code="0">0</subfield>
    <subfield code="1">0</subfield>
    <subfield code="4">0</subfield>
    <subfield code="7">0</subfield>
    <subfield code="a">BCEJYS</subfield>
    <subfield code="b">BCEJYS</subfield>
    <subfield code="c">17</subfield>
    <subfield code="d">1988-01-01</subfield>
    <subfield code="h">N&#xBA; 181 - ene. 1988</subfield>
    <subfield code="l">0</subfield>
    <subfield code="o">H311.3 IND 181</subfield>
    <subfield code="p">R08052</subfield>
    <subfield code="r">2026-04-10 16:07:43</subfield>
    <subfield code="w">2026-04-10</subfield>
    <subfield code="y">RN</subfield>
  </datafield>
  <datafield tag="952" ind1=" " ind2=" ">
    <subfield code="0">0</subfield>
    <subfield code="1">0</subfield>
    <subfield code="4">0</subfield>
    <subfield code="7">0</subfield>
    <subfield code="a">BCEJYS</subfield>
    <subfield code="b">BCEJYS</subfield>
    <subfield code="c">17</subfield>
    <subfield code="d">1987-12-01</subfield>
    <subfield code="h">N&#xBA; 180 - dic. 1987</subfield>
    <subfield code="l">0</subfield>
    <subfield code="o">H311.3 IND 180</subfield>
    <subfield code="p">R08051</subfield>
    <subfield code="r">2026-04-10 16:07:43</subfield>
    <subfield code="w">2026-04-10</subfield>
    <subfield code="y">RN</subfield>
  </datafield>
  <datafield tag="952" ind1=" " ind2=" ">
    <subfield code="0">0</subfield>
    <subfield code="1">0</subfield>
    <subfield code="4">0</subfield>
    <subfield code="7">0</subfield>
    <subfield code="a">BCEJYS</subfield>
    <subfield code="b">BCEJYS</subfield>
    <subfield code="c">17</subfield>
    <subfield code="d">1987-11-01</subfield>
    <subfield code="h">N&#xBA; 179 - nov. 1987</subfield>
    <subfield code="l">0</subfield>
    <subfield code="o">H311.3 IND 179</subfield>
    <subfield code="p">R08050</subfield>
    <subfield code="r">2026-04-10 16:07:43</subfield>
    <subfield code="w">2026-04-10</subfield>
    <subfield code="y">RN</subfield>
  </datafield>
  <datafield tag="952" ind1=" " ind2=" ">
    <subfield code="0">0</subfield>
    <subfield code="1">0</subfield>
    <subfield code="4">0</subfield>
    <subfield code="7">0</subfield>
    <subfield code="a">BCEJYS</subfield>
    <subfield code="b">BCEJYS</subfield>
    <subfield code="c">17</subfield>
    <subfield code="d">1987-10-01</subfield>
    <subfield code="h">N&#xBA; 178 - oct. 1987</subfield>
    <subfield code="l">0</subfield>
    <subfield code="o">H311.3 IND 178</subfield>
    <subfield code="p">R08049</subfield>
    <subfield code="r">2026-04-10 16:07:43</subfield>
    <subfield code="w">2026-04-10</subfield>
    <subfield code="y">RN</subfield>
  </datafield>
  <datafield tag="952" ind1=" " ind2=" ">
    <subfield code="0">0</subfield>
    <subfield code="1">0</subfield>
    <subfield code="4">0</subfield>
    <subfield code="7">0</subfield>
    <subfield code="a">BCEJYS</subfield>
    <subfield code="b">BCEJYS</subfield>
    <subfield code="c">17</subfield>
    <subfield code="d">1987-09-01</subfield>
    <subfield code="h">N&#xBA; 177 - sep. 1987</subfield>
    <subfield code="l">0</subfield>
    <subfield code="o">H311.3 IND 177</subfield>
    <subfield code="p">R08048</subfield>
    <subfield code="r">2026-04-10 16:07:43</subfield>
    <subfield code="w">2026-04-10</subfield>
    <subfield code="y">RN</subfield>
  </datafield>
  <datafield tag="952" ind1=" " ind2=" ">
    <subfield code="0">0</subfield>
    <subfield code="1">0</subfield>
    <subfield code="4">0</subfield>
    <subfield code="7">0</subfield>
    <subfield code="a">BCEJYS</subfield>
    <subfield code="b">BCEJYS</subfield>
    <subfield code="c">17</subfield>
    <subfield code="d">1987-07-01</subfield>
    <subfield code="h">N&#xBA; 175 - jul. 1987</subfield>
    <subfield code="l">0</subfield>
    <subfield code="o">H311.3 IND 175</subfield>
    <subfield code="p">R08047</subfield>
    <subfield code="r">2026-04-10 16:07:43</subfield>
    <subfield code="w">2026-04-10</subfield>
    <subfield code="y">RN</subfield>
  </datafield>
  <datafield tag="952" ind1=" " ind2=" ">
    <subfield code="0">0</subfield>
    <subfield code="1">0</subfield>
    <subfield code="4">0</subfield>
    <subfield code="7">0</subfield>
    <subfield code="a">BCEJYS</subfield>
    <subfield code="b">BCEJYS</subfield>
    <subfield code="c">17</subfield>
    <subfield code="d">1987-06-01</subfield>
    <subfield code="h">N&#xBA; 174 - jun. 1987</subfield>
    <subfield code="l">0</subfield>
    <subfield code="o">H311.3 IND 174</subfield>
    <subfield code="p">R08046</subfield>
    <subfield code="r">2026-04-10 16:07:43</subfield>
    <subfield code="w">2026-04-10</subfield>
    <subfield code="y">RN</subfield>
  </datafield>
  <datafield tag="952" ind1=" " ind2=" ">
    <subfield code="0">0</subfield>
    <subfield code="1">0</subfield>
    <subfield code="4">0</subfield>
    <subfield code="7">0</subfield>
    <subfield code="a">BCEJYS</subfield>
    <subfield code="b">BCEJYS</subfield>
    <subfield code="c">17</subfield>
    <subfield code="d">1987-05-01</subfield>
    <subfield code="h">N&#xBA; 173 - mayo 1987</subfield>
    <subfield code="l">0</subfield>
    <subfield code="o">H311.3 IND 173</subfield>
    <subfield code="p">R08045</subfield>
    <subfield code="r">2026-04-10 16:07:43</subfield>
    <subfield code="w">2026-04-10</subfield>
    <subfield code="y">RN</subfield>
  </datafield>
  <datafield tag="952" ind1=" " ind2=" ">
    <subfield code="0">0</subfield>
    <subfield code="1">0</subfield>
    <subfield code="4">0</subfield>
    <subfield code="7">0</subfield>
    <subfield code="a">BCEJYS</subfield>
    <subfield code="b">BCEJYS</subfield>
    <subfield code="c">17</subfield>
    <subfield code="d">1987-04-01</subfield>
    <subfield code="h">N&#xBA; 172 - abr. 1987</subfield>
    <subfield code="l">0</subfield>
    <subfield code="o">H311.3 IND 172</subfield>
    <subfield code="p">R08044</subfield>
    <subfield code="r">2026-04-10 16:07:43</subfield>
    <subfield code="w">2026-04-10</subfield>
    <subfield code="y">RN</subfield>
  </datafield>
  <datafield tag="952" ind1=" " ind2=" ">
    <subfield code="0">0</subfield>
    <subfield code="1">0</subfield>
    <subfield code="4">0</subfield>
    <subfield code="7">0</subfield>
    <subfield code="a">BCEJYS</subfield>
    <subfield code="b">BCEJYS</subfield>
    <subfield code="c">17</subfield>
    <subfield code="d">1987-03-01</subfield>
    <subfield code="h">N&#xBA; 171 - mar. 1987</subfield>
    <subfield code="l">0</subfield>
    <subfield code="o">H311.3 IND 171</subfield>
    <subfield code="p">R08043</subfield>
    <subfield code="r">2026-04-10 16:07:43</subfield>
    <subfield code="w">2026-04-10</subfield>
    <subfield code="y">RN</subfield>
  </datafield>
  <datafield tag="952" ind1=" " ind2=" ">
    <subfield code="0">0</subfield>
    <subfield code="1">0</subfield>
    <subfield code="4">0</subfield>
    <subfield code="7">0</subfield>
    <subfield code="a">BCEJYS</subfield>
    <subfield code="b">BCEJYS</subfield>
    <subfield code="c">17</subfield>
    <subfield code="d">1987-02-01</subfield>
    <subfield code="h">N&#xBA; 170 - feb. 1987</subfield>
    <subfield code="l">0</subfield>
    <subfield code="o">H311.3 IND 170</subfield>
    <subfield code="p">R08042</subfield>
    <subfield code="r">2026-04-10 16:07:43</subfield>
    <subfield code="w">2026-04-10</subfield>
    <subfield code="y">RN</subfield>
  </datafield>
  <datafield tag="952" ind1=" " ind2=" ">
    <subfield code="0">0</subfield>
    <subfield code="1">0</subfield>
    <subfield code="4">0</subfield>
    <subfield code="7">0</subfield>
    <subfield code="a">BCEJYS</subfield>
    <subfield code="b">BCEJYS</subfield>
    <subfield code="c">17</subfield>
    <subfield code="d">1987-01-01</subfield>
    <subfield code="h">N&#xBA; 169 - ene. 1987</subfield>
    <subfield code="l">0</subfield>
    <subfield code="o">H311.3 IND 169</subfield>
    <subfield code="p">R08041</subfield>
    <subfield code="r">2026-04-10 16:07:43</subfield>
    <subfield code="w">2026-04-10</subfield>
    <subfield code="y">RN</subfield>
  </datafield>
  <datafield tag="952" ind1=" " ind2=" ">
    <subfield code="0">0</subfield>
    <subfield code="1">0</subfield>
    <subfield code="4">0</subfield>
    <subfield code="7">0</subfield>
    <subfield code="a">BCEJYS</subfield>
    <subfield code="b">BCEJYS</subfield>
    <subfield code="c">17</subfield>
    <subfield code="d">1986-12-01</subfield>
    <subfield code="h">N&#xBA; 168 - dic. 1986</subfield>
    <subfield code="l">0</subfield>
    <subfield code="o">H311.3 IND 168</subfield>
    <subfield code="p">R08040</subfield>
    <subfield code="r">2026-04-10 16:07:43</subfield>
    <subfield code="w">2026-04-10</subfield>
    <subfield code="y">RN</subfield>
  </datafield>
  <datafield tag="952" ind1=" " ind2=" ">
    <subfield code="0">0</subfield>
    <subfield code="1">0</subfield>
    <subfield code="4">0</subfield>
    <subfield code="7">0</subfield>
    <subfield code="a">BCEJYS</subfield>
    <subfield code="b">BCEJYS</subfield>
    <subfield code="c">17</subfield>
    <subfield code="d">1986-11-01</subfield>
    <subfield code="h">N&#xBA; 167 - nov. 1986</subfield>
    <subfield code="l">0</subfield>
    <subfield code="o">H311.3 IND 167</subfield>
    <subfield code="p">R08039</subfield>
    <subfield code="r">2026-04-10 16:07:43</subfield>
    <subfield code="w">2026-04-10</subfield>
    <subfield code="y">RN</subfield>
  </datafield>
  <datafield tag="952" ind1=" " ind2=" ">
    <subfield code="0">0</subfield>
    <subfield code="1">0</subfield>
    <subfield code="4">0</subfield>
    <subfield code="7">0</subfield>
    <subfield code="a">BCEJYS</subfield>
    <subfield code="b">BCEJYS</subfield>
    <subfield code="c">17</subfield>
    <subfield code="d">1986-10-01</subfield>
    <subfield code="h">N&#xBA; 166 - oct. 1986</subfield>
    <subfield code="l">0</subfield>
    <subfield code="o">H311.3 IND 166</subfield>
    <subfield code="p">R08038</subfield>
    <subfield code="r">2026-04-10 16:07:43</subfield>
    <subfield code="w">2026-04-10</subfield>
    <subfield code="y">RN</subfield>
  </datafield>
  <datafield tag="952" ind1=" " ind2=" ">
    <subfield code="0">0</subfield>
    <subfield code="1">0</subfield>
    <subfield code="4">0</subfield>
    <subfield code="7">0</subfield>
    <subfield code="a">BCEJYS</subfield>
    <subfield code="b">BCEJYS</subfield>
    <subfield code="c">17</subfield>
    <subfield code="d">1986-09-01</subfield>
    <subfield code="h">N&#xBA; 165 - sep. 1986</subfield>
    <subfield code="l">0</subfield>
    <subfield code="o">H311.3 IND 165</subfield>
    <subfield code="p">R08037</subfield>
    <subfield code="r">2026-04-10 16:07:43</subfield>
    <subfield code="w">2026-04-10</subfield>
    <subfield code="y">RN</subfield>
  </datafield>
  <datafield tag="952" ind1=" " ind2=" ">
    <subfield code="0">0</subfield>
    <subfield code="1">0</subfield>
    <subfield code="4">0</subfield>
    <subfield code="7">0</subfield>
    <subfield code="a">BCEJYS</subfield>
    <subfield code="b">BCEJYS</subfield>
    <subfield code="c">17</subfield>
    <subfield code="d">1986-08-01</subfield>
    <subfield code="h">N&#xBA; 164 - ago. 1986</subfield>
    <subfield code="l">0</subfield>
    <subfield code="o">H311.3 IND 164</subfield>
    <subfield code="p">R08036</subfield>
    <subfield code="r">2026-04-10 16:07:43</subfield>
    <subfield code="w">2026-04-10</subfield>
    <subfield code="y">RN</subfield>
  </datafield>
  <datafield tag="952" ind1=" " ind2=" ">
    <subfield code="0">0</subfield>
    <subfield code="1">0</subfield>
    <subfield code="4">0</subfield>
    <subfield code="7">0</subfield>
    <subfield code="a">BCEJYS</subfield>
    <subfield code="b">BCEJYS</subfield>
    <subfield code="c">17</subfield>
    <subfield code="d">1986-07-01</subfield>
    <subfield code="h">N&#xBA; 163 - jul. 1986</subfield>
    <subfield code="l">0</subfield>
    <subfield code="o">H311.3 IND 163</subfield>
    <subfield code="p">R08035</subfield>
    <subfield code="r">2026-04-10 16:07:43</subfield>
    <subfield code="w">2026-04-10</subfield>
    <subfield code="y">RN</subfield>
  </datafield>
  <datafield tag="952" ind1=" " ind2=" ">
    <subfield code="0">0</subfield>
    <subfield code="1">0</subfield>
    <subfield code="4">0</subfield>
    <subfield code="7">0</subfield>
    <subfield code="a">BCEJYS</subfield>
    <subfield code="b">BCEJYS</subfield>
    <subfield code="c">17</subfield>
    <subfield code="d">1986-06-01</subfield>
    <subfield code="h">N&#xBA; 162 - jun. 1986</subfield>
    <subfield code="l">0</subfield>
    <subfield code="o">H311.3 IND 162</subfield>
    <subfield code="p">R08034</subfield>
    <subfield code="r">2026-04-10 16:07:43</subfield>
    <subfield code="w">2026-04-10</subfield>
    <subfield code="y">RN</subfield>
  </datafield>
  <datafield tag="952" ind1=" " ind2=" ">
    <subfield code="0">0</subfield>
    <subfield code="1">0</subfield>
    <subfield code="4">0</subfield>
    <subfield code="7">0</subfield>
    <subfield code="a">BCEJYS</subfield>
    <subfield code="b">BCEJYS</subfield>
    <subfield code="c">17</subfield>
    <subfield code="d">1986-05-01</subfield>
    <subfield code="h">N&#xBA; 161 - mayo 1986</subfield>
    <subfield code="l">0</subfield>
    <subfield code="o">H311.3 IND 161</subfield>
    <subfield code="p">R08033</subfield>
    <subfield code="r">2026-04-10 16:07:43</subfield>
    <subfield code="w">2026-04-10</subfield>
    <subfield code="y">RN</subfield>
  </datafield>
  <datafield tag="952" ind1=" " ind2=" ">
    <subfield code="0">0</subfield>
    <subfield code="1">0</subfield>
    <subfield code="4">0</subfield>
    <subfield code="7">0</subfield>
    <subfield code="a">BCEJYS</subfield>
    <subfield code="b">BCEJYS</subfield>
    <subfield code="c">17</subfield>
    <subfield code="d">1986-04-01</subfield>
    <subfield code="h">N&#xBA; 160 - abr. 1986</subfield>
    <subfield code="l">0</subfield>
    <subfield code="o">H311.3 IND 160</subfield>
    <subfield code="p">R08032</subfield>
    <subfield code="r">2026-04-10 16:07:43</subfield>
    <subfield code="w">2026-04-10</subfield>
    <subfield code="y">RN</subfield>
  </datafield>
  <datafield tag="952" ind1=" " ind2=" ">
    <subfield code="0">0</subfield>
    <subfield code="1">0</subfield>
    <subfield code="4">0</subfield>
    <subfield code="7">0</subfield>
    <subfield code="a">BCEJYS</subfield>
    <subfield code="b">BCEJYS</subfield>
    <subfield code="c">17</subfield>
    <subfield code="d">1986-03-01</subfield>
    <subfield code="h">N&#xBA; 159 - mar. 1986</subfield>
    <subfield code="l">0</subfield>
    <subfield code="o">H311.3 IND 159</subfield>
    <subfield code="p">R08031</subfield>
    <subfield code="r">2026-04-10 16:07:43</subfield>
    <subfield code="w">2026-04-10</subfield>
    <subfield code="y">RN</subfield>
  </datafield>
  <datafield tag="952" ind1=" " ind2=" ">
    <subfield code="0">0</subfield>
    <subfield code="1">0</subfield>
    <subfield code="4">0</subfield>
    <subfield code="7">0</subfield>
    <subfield code="a">BCEJYS</subfield>
    <subfield code="b">BCEJYS</subfield>
    <subfield code="c">17</subfield>
    <subfield code="d">1986-02-01</subfield>
    <subfield code="h">N&#xBA; 158 - feb. 1986</subfield>
    <subfield code="l">0</subfield>
    <subfield code="o">H311.3 IND 158</subfield>
    <subfield code="p">R08030</subfield>
    <subfield code="r">2026-04-10 16:07:43</subfield>
    <subfield code="w">2026-04-10</subfield>
    <subfield code="y">RN</subfield>
  </datafield>
  <datafield tag="952" ind1=" " ind2=" ">
    <subfield code="0">0</subfield>
    <subfield code="1">0</subfield>
    <subfield code="4">0</subfield>
    <subfield code="7">0</subfield>
    <subfield code="a">BCEJYS</subfield>
    <subfield code="b">BCEJYS</subfield>
    <subfield code="c">17</subfield>
    <subfield code="d">1986-01-01</subfield>
    <subfield code="h">N&#xBA; 157 - ene. 1986</subfield>
    <subfield code="l">0</subfield>
    <subfield code="o">H311.3 IND 157</subfield>
    <subfield code="p">R08029</subfield>
    <subfield code="r">2026-04-10 16:07:43</subfield>
    <subfield code="w">2026-04-10</subfield>
    <subfield code="y">RN</subfield>
  </datafield>
  <datafield tag="952" ind1=" " ind2=" ">
    <subfield code="0">0</subfield>
    <subfield code="1">0</subfield>
    <subfield code="4">0</subfield>
    <subfield code="7">0</subfield>
    <subfield code="a">BCEJYS</subfield>
    <subfield code="b">BCEJYS</subfield>
    <subfield code="c">17</subfield>
    <subfield code="d">1985-12-01</subfield>
    <subfield code="h">N&#xBA; 156 - dic. 1985</subfield>
    <subfield code="l">0</subfield>
    <subfield code="o">H311.3 IND 156</subfield>
    <subfield code="p">R08028</subfield>
    <subfield code="r">2026-04-10 16:07:43</subfield>
    <subfield code="w">2026-04-10</subfield>
    <subfield code="y">RN</subfield>
  </datafield>
  <datafield tag="952" ind1=" " ind2=" ">
    <subfield code="0">0</subfield>
    <subfield code="1">0</subfield>
    <subfield code="4">0</subfield>
    <subfield code="7">0</subfield>
    <subfield code="a">BCEJYS</subfield>
    <subfield code="b">BCEJYS</subfield>
    <subfield code="c">17</subfield>
    <subfield code="d">1985-11-01</subfield>
    <subfield code="h">N&#xBA; 155 - nov. 1985</subfield>
    <subfield code="l">0</subfield>
    <subfield code="o">H311.3 IND 155</subfield>
    <subfield code="p">R08027</subfield>
    <subfield code="r">2026-04-10 16:07:43</subfield>
    <subfield code="w">2026-04-10</subfield>
    <subfield code="y">RN</subfield>
  </datafield>
  <datafield tag="952" ind1=" " ind2=" ">
    <subfield code="0">0</subfield>
    <subfield code="1">0</subfield>
    <subfield code="4">0</subfield>
    <subfield code="7">0</subfield>
    <subfield code="a">BCEJYS</subfield>
    <subfield code="b">BCEJYS</subfield>
    <subfield code="c">17</subfield>
    <subfield code="d">1985-10-01</subfield>
    <subfield code="h">N&#xBA; 154 - oct. 1985</subfield>
    <subfield code="l">0</subfield>
    <subfield code="o">H311.3 IND 154</subfield>
    <subfield code="p">R08026</subfield>
    <subfield code="r">2026-04-10 16:07:43</subfield>
    <subfield code="w">2026-04-10</subfield>
    <subfield code="y">RN</subfield>
  </datafield>
  <datafield tag="952" ind1=" " ind2=" ">
    <subfield code="0">0</subfield>
    <subfield code="1">0</subfield>
    <subfield code="4">0</subfield>
    <subfield code="7">0</subfield>
    <subfield code="a">BCEJYS</subfield>
    <subfield code="b">BCEJYS</subfield>
    <subfield code="c">17</subfield>
    <subfield code="d">1985-09-01</subfield>
    <subfield code="h">N&#xBA; 153 - ago. 1985</subfield>
    <subfield code="l">0</subfield>
    <subfield code="o">H311.3 IND 153</subfield>
    <subfield code="p">R08025</subfield>
    <subfield code="r">2026-04-10 16:07:43</subfield>
    <subfield code="w">2026-04-10</subfield>
    <subfield code="y">RN</subfield>
  </datafield>
  <datafield tag="952" ind1=" " ind2=" ">
    <subfield code="0">0</subfield>
    <subfield code="1">0</subfield>
    <subfield code="4">0</subfield>
    <subfield code="7">0</subfield>
    <subfield code="a">BCEJYS</subfield>
    <subfield code="b">BCEJYS</subfield>
    <subfield code="c">17</subfield>
    <subfield code="d">1985-08-01</subfield>
    <subfield code="h">N&#xBA; 152 - ago. 1985</subfield>
    <subfield code="l">0</subfield>
    <subfield code="o">H311.3 IND 152</subfield>
    <subfield code="p">R08024</subfield>
    <subfield code="r">2026-04-10 16:07:43</subfield>
    <subfield code="w">2026-04-10</subfield>
    <subfield code="y">RN</subfield>
  </datafield>
  <datafield tag="952" ind1=" " ind2=" ">
    <subfield code="0">0</subfield>
    <subfield code="1">0</subfield>
    <subfield code="4">0</subfield>
    <subfield code="7">0</subfield>
    <subfield code="a">BCEJYS</subfield>
    <subfield code="b">BCEJYS</subfield>
    <subfield code="c">17</subfield>
    <subfield code="d">1985-07-01</subfield>
    <subfield code="h">N&#xBA; 151 - jul. 1985</subfield>
    <subfield code="l">0</subfield>
    <subfield code="o">H311.3 IND 151</subfield>
    <subfield code="p">R08023</subfield>
    <subfield code="r">2026-04-10 16:07:43</subfield>
    <subfield code="w">2026-04-10</subfield>
    <subfield code="y">RN</subfield>
  </datafield>
  <datafield tag="952" ind1=" " ind2=" ">
    <subfield code="0">0</subfield>
    <subfield code="1">0</subfield>
    <subfield code="4">0</subfield>
    <subfield code="7">0</subfield>
    <subfield code="a">BCEJYS</subfield>
    <subfield code="b">BCEJYS</subfield>
    <subfield code="c">17</subfield>
    <subfield code="d">1985-06-01</subfield>
    <subfield code="h">N&#xBA; 150 - jun. 1985</subfield>
    <subfield code="l">0</subfield>
    <subfield code="o">H311.3 IND 150</subfield>
    <subfield code="p">R08022</subfield>
    <subfield code="r">2026-04-10 16:07:43</subfield>
    <subfield code="w">2026-04-10</subfield>
    <subfield code="y">RN</subfield>
  </datafield>
  <datafield tag="952" ind1=" " ind2=" ">
    <subfield code="0">0</subfield>
    <subfield code="1">0</subfield>
    <subfield code="4">0</subfield>
    <subfield code="7">0</subfield>
    <subfield code="a">BCEJYS</subfield>
    <subfield code="b">BCEJYS</subfield>
    <subfield code="c">17</subfield>
    <subfield code="d">1985-05-01</subfield>
    <subfield code="h">N&#xBA; 149 - mayo 1985</subfield>
    <subfield code="l">0</subfield>
    <subfield code="o">H311.3 IND 149</subfield>
    <subfield code="p">R08021</subfield>
    <subfield code="r">2026-04-10 16:07:43</subfield>
    <subfield code="w">2026-04-10</subfield>
    <subfield code="y">RN</subfield>
  </datafield>
  <datafield tag="952" ind1=" " ind2=" ">
    <subfield code="0">0</subfield>
    <subfield code="1">0</subfield>
    <subfield code="4">0</subfield>
    <subfield code="7">0</subfield>
    <subfield code="a">BCEJYS</subfield>
    <subfield code="b">BCEJYS</subfield>
    <subfield code="c">17</subfield>
    <subfield code="d">1985-04-01</subfield>
    <subfield code="h">N&#xBA; 148 - abr. 1985</subfield>
    <subfield code="l">0</subfield>
    <subfield code="o">H311.3 IND 148</subfield>
    <subfield code="p">R08020</subfield>
    <subfield code="r">2026-04-10 16:07:43</subfield>
    <subfield code="w">2026-04-10</subfield>
    <subfield code="y">RN</subfield>
  </datafield>
  <datafield tag="952" ind1=" " ind2=" ">
    <subfield code="0">0</subfield>
    <subfield code="1">0</subfield>
    <subfield code="4">0</subfield>
    <subfield code="7">0</subfield>
    <subfield code="a">BCEJYS</subfield>
    <subfield code="b">BCEJYS</subfield>
    <subfield code="c">17</subfield>
    <subfield code="d">1985-03-01</subfield>
    <subfield code="h">N&#xBA; 147 - mar. 1985</subfield>
    <subfield code="l">0</subfield>
    <subfield code="o">H311.3 IND 147</subfield>
    <subfield code="p">R08019</subfield>
    <subfield code="r">2026-04-10 16:07:43</subfield>
    <subfield code="w">2026-04-10</subfield>
    <subfield code="y">RN</subfield>
  </datafield>
  <datafield tag="952" ind1=" " ind2=" ">
    <subfield code="0">0</subfield>
    <subfield code="1">0</subfield>
    <subfield code="4">0</subfield>
    <subfield code="7">0</subfield>
    <subfield code="a">BCEJYS</subfield>
    <subfield code="b">BCEJYS</subfield>
    <subfield code="c">17</subfield>
    <subfield code="d">1985-02-01</subfield>
    <subfield code="h">N&#xBA; 146 - feb. 1985</subfield>
    <subfield code="l">0</subfield>
    <subfield code="o">H311.3 IND 146</subfield>
    <subfield code="p">R08018</subfield>
    <subfield code="r">2026-04-10 16:07:43</subfield>
    <subfield code="w">2026-04-10</subfield>
    <subfield code="y">RN</subfield>
  </datafield>
  <datafield tag="952" ind1=" " ind2=" ">
    <subfield code="0">0</subfield>
    <subfield code="1">0</subfield>
    <subfield code="4">0</subfield>
    <subfield code="7">0</subfield>
    <subfield code="a">BCEJYS</subfield>
    <subfield code="b">BCEJYS</subfield>
    <subfield code="c">17</subfield>
    <subfield code="d">1985-01-01</subfield>
    <subfield code="h">N&#xBA; 145 - ene. 1985</subfield>
    <subfield code="l">0</subfield>
    <subfield code="o">H311.3 IND 145</subfield>
    <subfield code="p">R08017</subfield>
    <subfield code="r">2026-04-10 16:07:43</subfield>
    <subfield code="w">2026-04-10</subfield>
    <subfield code="y">RN</subfield>
  </datafield>
</record>
